| 000 | 00792nam a22001937a 4500 | ||
|---|---|---|---|
| 999 |
_c17834 _d17834 |
||
| 003 | AR-CdUCM | ||
| 008 | 190509b ||||| |||| 00| 0 spa d | ||
| 040 |
_aMUNICIPALIDAD PROVINCIAL DEL CUSCO _cBIBLIOTECA MUNICIPAL DEL CUSCO |
||
| 082 |
_a114.1 / _bP66 |
||
| 100 |
_aPlaton. _917519 |
||
| 245 | _aApología de Sócrates / | ||
| 260 |
_aBuenos Aires : _bEudeba, _c1971. |
||
| 300 |
_a179 páginas ; _c19 cm. |
||
| 505 | _aContenido : El problema de la diversidad de apología de Sócrates -- El texto de la acusación presentada por Meleto y los cargos de Policrates -- El marco jurídico de la acusación de Meleto -- Cronología e historicidad de los escritos socráticos ... | ||
| 650 |
_aSocrates. _99985 |
||
| 650 |
_aSiglo XX. _98 |
||
| 942 |
_2ddc _cLIBROS |
||
| 945 |
_arum _d2019-05-09 |
||